Thành phố Hồ Chí Minh sau 40 năm giải phóng

Đã lưu trong:
书目详细资料
主要作者: Nguyễn, Đăng Sơn
格式: 图书
语言:Undetermined
主题:
在线阅读:http://lrc.tdmu.edu.vn/opac/search/detail.asp?aID=2&ID=25801
标签: 添加标签
没有标签, 成为第一个标记此记录!
Thư viện lưu trữ: Trung tâm Học liệu Trường Đại học Thủ Dầu Một
LEADER 00621nam a2200145Ia 4500
001 TDMU_25801
008 210410s9999 xx 000 0 und d
082 |a 307.76 
100 |a Nguyễn, Đăng Sơn 
245 0 |a Thành phố Hồ Chí Minh sau 40 năm giải phóng 
245 0 |c Nguyễn Đăng Sơn 
300 |a Tr.32-35 
650 |a Xây dựng kiến trúc; Thành phố Hồ Chí Minh ; Sau 40 năm giải phóng; Phát triển đô thị 
856 |u http://lrc.tdmu.edu.vn/opac/search/detail.asp?aID=2&ID=25801 
980 |a Trung tâm Học liệu Trường Đại học Thủ Dầu Một